| 000 | 00797cab a2200253 4500 | ||
|---|---|---|---|
| 001 | ABS49529 | ||
| 008 | 090401t1993 xxu||||| |||| 00| 0 eng d | ||
| 035 | _a(Sirsi) u71715 | ||
| 041 | _aeng | ||
| 100 | _aBedford, M. | ||
| 245 | _aAutomated landfill design and costing | ||
| 260 | _c1993 | ||
| 350 | _a0 | ||
| 490 |
_aCS Monthly : Minerals bulletin _v3(2) October 1993, 3-8(2) |
||
| 520 | _aDetails the methodology involved in producing user programmable module programs (UPMs) and a Lotus spreadsheet for the automated design of landfill sites for initial costing. Tables. | ||
| 650 | _aAUTOMATED DESIGN | ||
| 650 | _aCOSTS | ||
| 650 | _aLANDFILL SITES | ||
| 650 | _aMENTOR | ||
| 650 | _aWASTE MANAGEMENT | ||
| 690 | _aMINING AND MINERALS | ||
| 942 | _n0 | ||
| 948 | _c04/03/1997 | ||
| 999 |
_c45245 _d45245 |
||